=LDR 00000nam 2200000 4500 =001 INLIS000000000042407 =005 20131008015209 =008 ***********************************ind** =035 ##$$0010-101300000000329 =041 ##$$a ind =082 ##$$a 616.352 =090 ##$$a 616.352, Sri b =100 ##$$a Sri Nerawati JPB =245 ##$$a Buku ajar ilmu penyakit teling hidung tenggorokan untuk mahasiswa fakultas kedokteran gigi, Sri herawati JPB, Sri rukmini; Editor, Lilian juwono =260 ##$$a 2004 $b Jakarta =300 ##$$a Vii,60 hlm, Ilus, 24 cm =650 ##$$a THT- PENYAKIT =700 ##$$a Sri Rukmini =850 ##$$a NBPNMAT